00513nam a22001577a 450000500170000001000150001702000260003203500140005803700130007208200160008510000160010124500920011726000530020927000720026230000210033420220519102324.0 aENG-132687 a9788180482632c895.00 aEN-116219 bDBAD/PUB a332.1230683 aJain, Sapna aHRD in Banking Sector:bIts Impact on the Performance of Knowledge Workers/cSapna Jain aChandigarhbArun Publishing House Pvt. Ltdc2014 aSCO 49-51, Sector 17CbChandigarhmarunpublishing@gmail.come160017 a286p.c23cm(hbk)